|
|
|
|
| LEADER |
01061nam a2200241 u 4500 |
| 001 |
10047017 |
| 003 |
upatras |
| 005 |
20210117200247.0 |
| 008 |
030528s1988 gr gre |
| 040 |
|
|
|a GR-PaULI
|c GR-PaULI
|
| 041 |
0 |
|
|a gre
|
| 084 |
|
|
|a WG 500
|
| 100 |
1 |
|
|a Τούμπουρας, Μιχάλης
|9 38208
|
| 245 |
1 |
0 |
|a Αγγειακές παθήσεις
|c Μιχάλης Τούμπουρας, Γιάννης Μώρος
|
| 260 |
|
|
|a Θεσσαλονίκη
|b Εκδοτικός Οργανισμός Θεσσαλονίκης
|c [1988;]
|
| 300 |
|
|
|a 251 σ.
|b εικ., πίν.
|c 21 εκ.
|
| 650 |
|
4 |
|a Αιμοφόρα αγγεία
|x Ασθένειες
|9 31948
|
| 700 |
1 |
|
|a Μώρος, Γιάννης
|9 38209
|
| 852 |
|
|
|a GR-PaULI
|b ΠΑΤΡΑ
|b ΙΑΤΡΙΚΗ
|k ΑΣΧΕ-10
|h WG 500 ΤΟΥ
|m 4438
|p 025000105944
|t 1
|
| 942 |
|
|
|2 ddc
|c BK15
|
| 952 |
|
|
|0 0
|1 0
|4 0
|6 WG_500_000000000000000_ΤΟΥ
|7 0
|9 37161
|a MEDI
|b MEDI
|d 2016-04-24
|i 4438
|l 0
|o WG 500 ΤΟΥ
|p 025000105944
|r 2016-04-24 00:00:00
|t 1
|w 2016-04-24
|y BK15
|
| 998 |
|
|
|c ΙΩΑΝΝΙΔΗ
|d 2003-05
|
| 999 |
|
|
|c 23854
|d 23854
|